LEADER 01237nam a2200373 i 4500 001 991001447799707536 005 20020507193629.0 008 940620s1984 ne ||| | eng 020 $a044486587X 035 $ab1084885x-39ule_inst 035 $aLE01312406$9ExL 040 $aDip.to Matematica$beng 082 0 $a511.5 084 $aAMS 05-06 084 $aAMS 05-XX 084 $aAMS 05C 084 $aQA166.16.T66 100 1 $aBerge, Claude$040970 245 10$aTopics on perfect graphs /$ceds. C. Berge, V. Chvatal 260 $aAmsterdam ; New York :$bNorth-Holland,$c1984 300 $axiv, 369 p. :$bill. ;$c24 cm 490 0 $aAnnals of discrete mathematics ;$v21 490 0 $aNorth-Holland mathematics studies,$x0304-0208 ;$v88 500 $aIncludes bibliographies 650 0$aCombinatorics 650 0$aGraph theory 650 0$aPerfect graphs 700 1 $aChvatal, Valclav 907 $a.b1084885x$b23-02-17$c28-06-02 912 $a991001447799707536 945 $aLE013 05C BER13 (1984)$g1$i2013000105635$lle013$o-$pE0.00$q-$rl$s- $t0$u1$v0$w1$x0$y.i10959877$z28-06-02 996 $aTopics on perfect graphs$9918782 997 $aUNISALENTO 998 $ale013$b01-01-94$cm$da $e-$feng$gne $h0$i1 LEADER 00943cem a2200241 4500 001 991003202809707536 008 080118s1995 it e ita 035 $ab1364810x-39ule_inst 040 $aBiblioteca Interfacoltà$bita 082 04$a912.45 100 1 $aMagini, Giovanni Antonio$d<1555-1617>$055127 245 10$aItalia /$cdi Gio. Ant. Magini ; data in luce da Fabio suo figliuolo 250 $aRist. anast. 260 $aSala Bolognese :$bA. Forni,$c1974 300 $a1 v. :$bmappe ;$c43 cm. 500 $aRipr. facsim. dell'ed. orig.: Bononiae : impensis ipsius auctoris, 1620 651 4$aItalia$vCarte geografiche 907 $a.b1364810x$b02-04-14$c22-01-08 912 $a991003202809707536 945 $aLE002 912.45 MAG (Fondo Leone)$g1$i2002000747037$lle002$og$pE45.00$q-$rn$so $t0$u0$v0$w0$x0$y.i14654179$z22-01-08 996 $aItalia$9328001 997 $aUNISALENTO 998 $ale002$b22-01-08$cm$de $e-$fita$git $h0$i0